000 00276nam a2200097Ia 4500
001 639910
005 20250826153437.0
008 250824s9999 xx 000 0 und d
245 0 _aGORİOT BABA ANTİK OKUL KLASİKLERİ
_cHONORE DE BALZAC
260 _bANTİK DÜNYA KLASİKLERİ
999 _c639910
_d639910